000 00681nam a2200229Ia 4500
003 OSt
005 20220925205819.0
006 a|||||r|||| 00| 0
007 ta
008 220923b |||||||| |||| 00| 0 eng d
037 _cGeneral Book
040 _aRTL
_cRTL
_beng
041 _2eng
_aeng
082 _aX9(M7).2.N76<N72r, L6
110 _aDEWAN BAHADUR RAMGOPAL MILLS LIMITED
_9271144
245 0 _aAnnual report,1972-73.
260 _aHyderabad
_bDewan Bahadur Ramgopal Mills
_c1976
300 _a28p.
_ccm.
700 _aDEWAN BAHADUR RAMGOPAL MILLS LIMITED
_9271145
942 _hX9(M7).2.N76<N72r, L6
_cGB
_2CC
999 _c553305
_d553305